000 00818nam a2200205Ia 4500
003 OSt
005 20241112141257.0
007 ca aa aaaaa
008 201103s9999 xx 000 0 und d
040 _cSSBUL
041 _abur
082 _a၂၉၄.၃၄၄၃၅
_b လယ်
100 _a လယ်တီဆရာတော်ဘုရားကြီး
245 1 0 _aဝိပဿနာဒီပနီ နှင့် မဂ္ဂင်္ဂဒီပနီ /
_cလယ်တီဆရာတော်ဘုရားကြီး။
260 _aရန်ကုန် ၊
_bသာသနာရေးဦးစီးဌာန၊
300 _aဒ၊ ၂၁၆ စာမျက်နှာ ၊
_c၁၈ စင်တီ။
500 _aS-SAT: Dr. Sai Aung Tun
650 _aဝိပဿနာ
942 _cBK1
_2ddc
999 _c16656
_d16656